000 00778cam a22002533a 4500
001 21223
003 PGUSA
005 20140828083442.0
008 070427s2007||||xxu|||||s|||||000 1 eng d
040 _aPGUSA
_beng
042 _adc
050 4 _aPR
100 1 _aYonge, Charlotte M.
_q(Charlotte Mary),
_d1823-1901
245 1 4 _aThe Carbonels
_h[electronic resource] /
_cCharlotte M. Yonge
260 _bProject Gutenberg,
_c2007
506 _aPublic domain in the USA.
516 _aElectronic text
653 _aEngland -- Social conditions -- 19th century -- Fiction
653 _aWorking class -- Fiction
700 1 _aStacey, W. S.
_q(Walter S.),
_d1846-1929
830 0 _aProject Gutenberg
_v21223
856 4 0 _uhttp://www.gutenberg.org/ebooks/21223
942 _cEB
999 _c250478
_d250478